|
|
|
|
| LEADER |
01875nam a22004572a 4500 |
| 001 |
000185383 |
| 003 |
CZ BrMZK |
| 005 |
20060922102925.0 |
| 007 |
ta |
| 008 |
950101s1985 xr f |||||| cze d |
| 015 |
|
|
|a cnb000027613
|
| 035 |
|
|
|a (OCoLC)16852285
|
| 040 |
|
|
|a ABA001
|b cze
|d ABA001
|d BOA001
|
| 080 |
|
|
|a 7.035
|2 undef
|
| 100 |
1 |
|
|a Wittlich, Petr,
|d 1932-
|7 jk01151737
|4 aut
|
| 245 |
1 |
0 |
|a Česká secese /
|c Petr Wittlich ; fot. Prokop Paul... [aj.]
|
| 250 |
|
|
|a 2. vyd.
|
| 260 |
|
|
|a Praha :
|b Odeon,
|c 1985
|e (Martin :
|f Neografia)
|
| 300 |
|
|
|a 379, [35] s. :
|b fot. (některé barev.) ;
|c 31 cm
|
| 490 |
1 |
|
|a České dějiny ;
|v Sv. 52
|
| 500 |
|
|
|a Odkazy na lit
|
| 500 |
|
|
|a Pozn
|
| 500 |
|
|
|a Přehl. lit
|
| 500 |
|
|
|a Barev. fot. na tit. dvoulistu
|
| 500 |
|
|
|a Barev. ilustr. předsádky
|
| 500 |
|
|
|a 20000 výt.
|
| 500 |
|
|
|a Obálka a vazba Jiří Schmidt, Stanislav Kolíbal
|
| 500 |
|
|
|a Souhrn do ruš. přel. Valentina Boturová, do angl. Till Gottheinerová, do něm. Dagmar Bílková
|
| 500 |
|
|
|a Jmenný rejstřík s biogr. údaji
|
| 500 |
|
|
|a Marginálie
|
| 700 |
1 |
|
|a Bílková, Dagmar
|7 jk01012083
|4 trl
|
| 700 |
1 |
|
|a Gottheinerová, Till
|7 jk01032556
|4 trl
|
| 700 |
1 |
|
|a Paul, Prokop,
|d 1939-
|7 jk01091969
|4 pht
|
| 700 |
1 |
|
|a Boturová, Valentina
|7 jk01012761
|4 trl
|
| 830 |
|
0 |
|a České dějiny (Odeon)
|0 s
|
| 856 |
4 |
1 |
|u http://www.digitalniknihovna.cz/mzk/uuid/uuid:b6945d10-13bd-11e3-bc65-005056827e51
|y Digitalizovaný dokument
|x NDK
|
| 910 |
|
|
|a BOA001
|b 4-0855.710-85
|b TK-A-0224.590
|
| 990 |
|
|
|a BK
|
| 996 |
6 |
|
|b 2619946095
|c 4-0855.710-85
|l MZK
|r Sklad / do 1 hodiny
|n 75
|w 000185383
|u 000010
|a 1
|e BOA001
|j MZK50
|s P
|
| 996 |
6 |
|
|b 2629946812
|c TK-A-0224.590
|l MZK
|r Sklad / do 24 hodin
|n 25
|w 000185383
|u 000030
|a 1
|e BOA001
|j MZK50
|s P
|
| 996 |
6 |
|
|b 2629953188
|c TK-A-0224.590
|l MZK
|r Sklad / do 24 hodin
|n 7
|w 000185383
|u 000020
|a 1
|e BOA001
|j MZK50
|s P
|